000 00722nam a22001817a 4500
003 UA-OsUOA
001 16929
007 ta
008 20040203b un ||||| |||| 00| 0 ukr d
100 _aЩупак Н.
942 _cSA
040 _aUA-OsUOA
_cUA-OsUOA
_dUA-OsUOA
245 _aНайкращі природолюби - в Костополі і Кузнецовську
_b[Про обл. огляд-конкурс на краще проведення природоохоронної роботи , що тривав протягом 2003 р. в обл.]
300 _aС.5
955 _a0
773 0 _w0
_tВільне слово
_dРівне
_d2004
_g№6/ 21 січ./
650 7 _aКраєзнавча робота
_2UDC
999 _c303097
_d303097